000 01225nam a2200301 i 4500
001 66859
003 ES-MaACL
005 20250826073321.0
007 t|
008 030723s2003 sp ||||0| spa d
020 _a84-451-2448-X
080 _a331:392.3
080 _a331.58-055.2
080 _a316.663:316.346.2
245 0 4 _aUna nueva sociedad, mujeres y hombres a partes iguales
_b: curso organizado por la Dirección General de la Mujer en la Universidad Complutense de El Escorial (29 julio-2 de agosto de 2002) /
_cCostanza Tobío, directora del curso.
260 _aMadrid :
_bComunidad de Madrid, Dirección General de la Mujer,
_c[2003]
300 _a300 p. ;
_c22 cm.
490 1 _aPublicaciones / Dirección General de la Mujer ;
_v29
650 7 _aTrabajo y familia
_2embne
_917604
650 1 4 _aMujeres-
_xIgualdad de oportunidades.
_915291
650 4 _aRol sexual.
_916927
700 1 _aTobío Soler, Constanza.
_9110382
710 2 _aUniversidad Complutense de Madrid.
_97098
710 1 _aMadrid (Comunidad Autónoma).
_bDirección General de la Mujer.
_95615
830 1 0 _aDGM, Dirección General de la Mujer
_v29
_9228545
852 _aES-MaACL
_jL-27332
999 _c66859
_d66859